000 00671nam a22001817a 4500
005 20120207122546.0
020 _a0070611181
_c00.00
035 _aB-225749
037 _aDPL
_bENG
100 _aShah, Steve
_941065
245 _aLinux administration :
_bA beginner's guide /
_cby Steve Shah and Wale Soyinka
250 _a4th ed.
260 _aNew Delhi
_bTata McGraw-Hill Publishing
_c2005
300 _axxi, 630p.
_c22 cms.
700 _aSoyinka, Wale
_941066
942 _2ddc
_cEN
_h005.4
_mSHA
999 _c62155
_d62155